| 000 | 00782nam a22002297a 4500 | ||
|---|---|---|---|
| 008 | 130821s1944 ag gr spa | ||
| 040 |
_aCo-BoUCM _bspa |
||
| 041 | 0 | 0 | _aspa |
| 092 | _aFN 000145 1a. ed | ||
| 100 |
_aErckmann, Emile _d1822-1899 _9170847 |
||
| 245 | 0 | 0 |
_aCuentos de orillas del Rhin _cEmile Erckman, traducción de A. Perales |
| 250 | _a1a. ed | ||
| 260 |
_aBuenos Aires (Argentina) _bEspasa-Calpe _c1944 |
||
| 300 | _a150 páginas | ||
| 490 | _aColección Austral; 486 | ||
| 500 | _aIncluye índice. -- Este libro se encuentra en el depósito de la biblioteca | ||
| 650 | 0 | 4 |
_aCuentos franceses _912274 |
| 650 | 0 | 4 |
_aLiteratura francesa _97794 |
| 651 |
_aFrancia _xHistoria _vCuentos _926969 |
||
| 700 |
_aPerales, A. _eTr _9170848 |
||
| 942 |
_cLIBRO _a27 _e1 _n0 |
||
| 999 |
_c85535 _d85535 |
||